| 000 | 00487nam a2200157 i 4500 | ||
|---|---|---|---|
| 001 | 83065 | ||
| 003 | ES-MaACL | ||
| 005 | 20230906174756.0 | ||
| 007 | t| | ||
| 008 | 041115s1971 sp ||||1| spa d | ||
| 245 | 0 | 0 |
_aEstadística de ventas a plazos _b: años 1969 y 1970 / _cInstituto Nacional de Estadística. |
| 260 |
_aMadrid : _b[s.n., _c1971] |
||
| 300 |
_a77 p. ; _c26 cm. |
||
| 710 | 2 |
_aInstituto Nacional de Estadística (España) _95162 |
|
| 852 |
_aES-MaACL _jC-41402 _bR.79697 |
||
| 999 |
_c83065 _d83065 |
||